000 nam a22 7a 4500
999 _c10689
_d10689
008 180220b ||||| |||| 00| 0 eng d
100 _aNair,G.
_94748
245 _aThe Blue Planet-3
260 _aNew Delhi
_bGoyal